Cargando...
Odyssey: A modern sequel /
| Autor principal: | |
|---|---|
| Formato: | Printed Book |
| Lenguaje: | English |
| Publicado: |
New York :
Simon and Schusten,
1985.
|
| LEADER | 00469nam a2200133Ia 4500 | ||
|---|---|---|---|
| 008 | 150624b xxu||||| |||| 00| 0 eng d | ||
| 082 | |a 889.32K1 | ||
| 100 | |a Kazantzakis, Nikos | ||
| 245 | |a Odyssey: |b A modern sequel / |c Nikos Kazantzakis | ||
| 260 | |a New York : |b Simon and Schusten, |c 1985. | ||
| 300 | |a 824 p. | ||
| 942 | |c BK | ||
| 999 | |c 38552 |d 38552 | ||
| 952 | |0 0 |1 0 |4 0 |6 889_000000000000000_32K1_ODY |7 0 |9 38551 |a UL |b UL |c ST2 |d 1998-08-27 |l 0 |o 889.32K1 ODY |p 56258 |r 2012-10-27 |w 2012-10-27 |y BK | ||